| 000 | 00717cam a22002173a 4500 | ||
|---|---|---|---|
| 001 | 43633 | ||
| 003 | PGUSA | ||
| 005 | 20140828084007.0 | ||
| 008 | 130903s2013||||xxu|||||s|||||000 | eng d | ||
| 040 |
_aPGUSA _beng |
||
| 042 | _adc | ||
| 100 | 1 |
_aDumas, Alexandre, _d1802-1870 |
|
| 245 | 1 | 4 |
_aThe Royal Life Guard ; _bor, the flight of the royal family. A historical romance of the suppression of the French monarchy _h[electronic resource] / _cAlexandre Dumas |
| 260 |
_bProject Gutenberg, _c2013 |
||
| 506 | _aPublic domain in the USA. | ||
| 516 | _aElectronic text | ||
| 700 | 1 | _aWilliams, Hery Llewellyn | |
| 830 | 0 |
_aProject Gutenberg _v43633 |
|
| 856 | 4 | 0 | _uhttp://www.gutenberg.org/ebooks/43633 |
| 942 | _cEB | ||
| 999 |
_c272884 _d272884 |
||